| 000 | 01282nam a22003257a 4500 | ||
|---|---|---|---|
| 003 | URS | ||
| 005 | 20260406172522.0 | ||
| 008 | 260316b |||||||| |||| 00| 0 eng d | ||
| 020 | _a978-0-44312-359-7 | ||
| 040 |
_bEnglish _cURS _erda |
||
| 050 | 0 | 0 |
_aR729.5.G4 _bP8811 2025 |
| 245 | 0 | 0 |
_aPractical general practice : _bguidelines for effective clinical management / _cedited by Adam Staten MA, MBBS, MRCGP, MRCP (UK), DRCOG, DMCC, PGCertCE, Kate Robinson MBChB (Hons), BMedSci, DRCOG, MRCGP, PGCert, Med Ed (Distinction). |
| 250 | _aEight edition. | ||
| 264 | 1 |
_aEdinburgh : _bElsevier, _c©2025. |
|
| 300 |
_axii, 532 pages : _billustrations (some color) ; _c28 cm. |
||
| 336 |
_atext _2rdacontent |
||
| 337 |
_aunmediated _2rdamedia |
||
| 338 |
_avolume _2rdacarrier |
||
| 500 | _aPrevious edition: Edinburgh : Churchill Livingstone Elsevier, 2011. | ||
| 504 | _aIncludes bibliographical references and index. | ||
| 650 | 0 | _aFamily medicine. | |
| 650 | 0 | _aPhysicians (General practice) | |
| 650 | 1 | 2 | _aGeneral Practice. |
| 650 | 7 |
_aFamily medicine. _2fast _0(OCoLC)fst00920401 |
|
| 650 | 7 |
_aPhysicians (General practice) _2fast _0(OCoLC)fst01062938 |
|
| 655 | 2 | _aHandbook. | |
| 700 | 1 |
_aStaten, Adam, _eeditor. |
|
| 700 | 1 |
_aRobinson, Kate, _eeditor. |
|
| 942 |
_2lcc _cR |
||
| 999 |
_c99073 _d99070 |
||